| 000 | 00554nam a2200181 a 4500 | ||
|---|---|---|---|
| 005 | 20140412111348.0 | ||
| 008 | 010309s19uu xx 00 eng d | ||
| 020 | _a0-307-12376-6 | ||
| 050 |
_aER _bLi66 1994 |
||
| 100 | _aJustine, Korman | ||
| 245 |
_aThe Lion King / _cadapted by Justine Korman ; illustrated by Don Williams and H. R. Russel. |
||
| 260 |
_aNew York : _bA Golden Book, _c1994. |
||
| 300 | _a1 v. (unp.) ; ill. | ||
| 440 | _aDisney's | ||
| 650 | _aLion stories - Fiction | ||
| 650 | _aChildren's stories - Fiction | ||
| 999 |
_c105243 _d105243 |
||